000 00552nam a2200169Ia 4500
003 LK-CoDNM
005 20240228115618.0
008 010623t1886 xxu||||| |||| 00| 1 sin d
040 _aLK-CoDNM
_dLK-CoDNM
_eLK-CoDNM
041 _asin
080 _a104 W7
245 _aජීවත් වෙන්නා වූ මනුෂ්‍යයා තුල නැසී තිබෙන ආත්මය
246 _aThe Dead Soul in the Living Man
260 _bCeylon Religious Tract Society
_aColombo
_c1886
300 _bDamaged
_a4p., 17 cm
942 _cBK
999 _c82745
_d82745